Devinez la Capitale Mystère #80 - Statistiques

Statistiques générales
  • Ce quiz a été pris 165 fois
  • Le résultat moyen est 23 sur 36
Statistiques - réponses
Type de Réponse Réponse % Correct
Lettre de l'Alphabet A
100%
Lettre de l'Alphabet I
100%
Lettre Trouvée E
99%
Lettre de l'Alphabet O
99%
Lettre de l'Alphabet S
99%
Lettre Trouvée L
98%
Lettre Trouvée N
98%
Lettre Trouvée R
98%
Lettre Trouvée D
94%
Lettre de l'Alphabet P
94%
Lettre de l'Alphabet B
93%
Lettre de l'Alphabet T
91%
Lettre Trouvée M
90%
Lettre Trouvée U
87%
Lettre de l'Alphabet K
82%
Lettre de l'Alphabet H
80%
Lettre de l'Alphabet C
79%
Lettre Trouvée G
79%
Lettre Bien Placée R
68%
Lettre de l'Alphabet W
68%
Lettre de l'Alphabet V
61%
Lettre de l'Alphabet Y
51%
Lettre Bien Placée L
50%
Lettre de l'Alphabet J
42%
Lettre de l'Alphabet X
42%
Lettre Bien Placée E
37%
Lettre Bien Placée N
37%
Lettre de l'Alphabet Z
28%
Lettre de l'Alphabet F
26%
Lettre Bien Placée U
26%
Lettre Bien Placée U
20%
Lettre de l'Alphabet Q
18%
Lettre Bien Placée D
13%
Lettre Bien Placée G
13%
Lettre Bien Placée M
13%
Capitale Mystère Ngerulmud
13%
Aucun quiz correspondant
Distribution des résultats
% des personnes avec chaque résultat
Percentile par nombre de réponses
Votre historique - résultats
Vous n’avez pas pris ce quiz